Attempt to Explain Overconfidence Using Household Size and Composition Characteristics
Enregistré dans:
| Auteur principal: | |
|---|---|
| Autres auteurs: | |
| Format: | Chapitre de livre |
| Langue: | anglais |
| Sujets: | |
| Tags: |
Pas de tags, Soyez le premier à ajouter un tag!
|
MARC
| LEADER | 00000naa$a2200000$$$4500 | ||
|---|---|---|---|
| 001 | 0297975 | ||
| 005 | 20241118101602.2 | ||
| 041 | 0 | |a eng | |
| 044 | |a SK | ||
| 245 | 1 | 0 | |a Attempt to Explain Overconfidence Using Household Size and Composition Characteristics |c Jana Péliová, Yuliya Petrenko |
| 500 | |a Abstrakt | ||
| 610 | 2 | 0 | |a domácnosti |
| 610 | 2 | 0 | |a ekonómia |
| 610 | 2 | 0 | |a financie |
| 610 | 2 | 0 | |a sebadôvera |
| 100 | 1 | |a Péliová, Jana, 1976- | |
| 700 | 1 | |a Petrenko, Yuliya, 1985- | |